Normal view
MARC view
- Sehar Shafique
Entry Personal Name
001 - CONTROL NUMBER
- control field: 88690
003 - CONTROL NUMBER IDENTIFIER
- control field: NUST
005 - DATE AND TIME OF LATEST TRANSACTION
- control field: 20220201150935.0
008 - FIXED-LENGTH DATA ELEMENTS
- fixed length control field: 220201|| aca||aabn | a|a d
040 ## - CATALOGING SOURCE
- Original cataloging agency: NUST
- Transcribing agency: NUST
100 ## - HEADING--PERSONAL NAME
- Personal name: Sehar Shafique
670 ## - SOURCE DATA FOUND
- Source citation: Work cat.: (NUST): Sehar Shafique, TH-SOF-1958-Building a Biomedical Onthology on COVID-19, 2021.
